Database system concepts / (Record no. 180004)

MARC details
000 -LEADER
fixed length control field 00882nam a22002537a 4500
005 - DATE AND TIME OF LATEST TRANSACTION
control field 20210720151504.0
010 ## - LCCN (DPL NO)
LC control number B-740632
020 ## - INTERNATIONAL STANDARD BOOK NUMBER
Terms of availability 810.00
International Standard Book Number 9789332901384
035 ## - SYSTEM CONTROL NUMBER
System control number B-740632
037 ## - SOURCE OF ACQUISITION
Source of stock number/acquisition Gift
082 ## - DEWEY DECIMAL CLASSIFICATION NUMBER
Classification number 005.74
100 ## - MAIN ENTRY--PERSONAL NAME
Personal name Silberschatz, Abraham
245 00 - TITLE STATEMENT
Title Database system concepts /
Statement of responsibility, etc by Abraham Silberschatz, Henry F. Korth [and] S. Sudarshan
250 ## - EDITION STATEMENT
Edition statement 6th ed.
260 ## - PUBLICATION, DISTRIBUTION, ETC. (IMPRINT)
Place of publication, distribution, etc New Delhi
Name of publisher, distributor, etc McGraw Hill Education
Date of publication, distribution, etc 2013
270 ## - ADDRESS
Address P-24, Green Park Extn.
City New Delhi
Postal code 110016
300 ## - PHYSICAL DESCRIPTION
Extent xxvi,1349p.
Dimensions 24cm(pbk)
500 ## - GENERAL NOTE
General note Includes biblographical references and index
650 ## - SUBJECT ADDED ENTRY--TOPICAL TERM
Topical term or geographic name as entry element Database management
700 ## - ADDED ENTRY--PERSONAL NAME
Personal name Korth, Henry F.
700 ## - ADDED ENTRY--PERSONAL NAME
Personal name Sudarshan, S.
942 ## - ADDED ENTRY ELEMENTS (KOHA)
Source of classification or shelving scheme Dewey Decimal Classification
Item type English Books
Call number suffix SIL
Classification part 005.74
Holdings
Withdrawn status Lost status Not for loan Collection code Home library Current library Date acquired Source of acquisition Cost, normal purchase price Full call number Barcode Copy number Cost, replacement price Koha item type Public note
      Non-fiction Central Library Central Library 20/07/2021 Gift/Eng/07-07-2021 810.00 005.74 SIL B-740632 1 810.00 English Books Gift

© Delhi Public Library
Hit Counter
free hit counter